Deburau (Record no. 130735)

MARC details
000 -LEADER
campo de control de longitud fija 00923nam a2200253 i 4500
001 - NÚMERO DE CONTROL
campo de control 130735
003 - IDENTIFICADOR DE NÚMERO DE CONTROL
campo de control ES-MaACL
005 - FECHA Y HORA DE LA ÚLTIMA TRANSACCIÓN
campo de control 20250709063216.0
007 - CAMPO FIJO DE DESCRIPCIÓN FÍSICA--INFORMACIÓN GENERAL
campo de control de longitud fija t|
008 - DATOS DE LONGITUD FIJA--INFORMACIÓN GENERAL
campo de control de longitud fija 070807s1881 fr ||||1| fre d
080 ## - NÚMERO DE LA CLASIFICACIÓN DECIMAL UNIVERSAL
Número de la Clasificación Decimal Universal 792(091)(44)
080 ## - NÚMERO DE LA CLASIFICACIÓN DECIMAL UNIVERSAL
Número de la Clasificación Decimal Universal 929 Deburau, Jean-Gaspard:792
080 ## - NÚMERO DE LA CLASIFICACIÓN DECIMAL UNIVERSAL
Número de la Clasificación Decimal Universal 792:929 Deburau, Jean-Gaspard
100 1# - ENTRADA PRINCIPAL--NOMBRE DE PERSONA
Nombre de persona Janin, Jules Gabriel,
Fechas asociadas al nombre 1804-1874
9 (RLIN) 66026
245 10 - MENCIÓN DEL TÍTULO
Título Deburau
Resto del título : histoire du théatre a quatre sous, pour faire suite a l'histoire du théatre-français /
Mención de responsabilidad, etc. Jules Janin ; avec une préface par Arsène Houssaye.
260 ## - PUBLICACIÓN, DISTRIBUCIÓN, ETC.
Lugar de publicación, distribución, etc. Paris :
Nombre del editor, distribuidor, etc. Librairie des Bibliophiles,
Fecha de publicación, distribución, etc. 1881.
300 ## - DESCRIPCIÓN FÍSICA
Extensión 210 p. ;
Dimensiones 19 cm.
500 ## - NOTA GENERAL
Nota general Biblioteca Jacinto Martínez Lacalle.
600 14 - PUNTO DE ACCESO ADICIONAL DE MATERIA--NOMBRE DE PERSONA
Nombre de persona Deburau, Jean-Gaspard.
9 (RLIN) 146342
650 #4 - PUNTO DE ACCESO ADICIONAL DE MATERIA--TÉRMINO DE MATERIA
Término de materia o nombre geográfico como elemento de entrada Teatro-
Subdivisión geográfica Francia-
Subdivisión de forma Historia.
9 (RLIN) 148680
700 1# - ENTRADA AGREGADA--NOMBRE PERSONAL
Nombre de persona Houssaye, Arsène.
9 (RLIN) 64354
852 ## - LOCALIZACIÓN
Ubicación ES-MaACL
Número de control de estantería E-11915
Sublocalización o colección R.139841
Holdings
Estatus retirado Estado de pérdida Estado de daño No para préstamo Colección Biblioteca de origen Biblioteca actual Ubicación en estantería Fecha de adquisición Fuente de adquisición Total de préstamos Signatura topográfica completa Código de barras Visto por última vez Precio de reemplazo Tipo de ítem Koha
        Libros del s. XIX Biblioteca del Ateneo de Madrid Biblioteca del Ateneo de Madrid Depósito 2 17/01/2008     E-11915 1136117 23/02/2023 23/02/2023 Libro impreso antiguo